000 00452ntaaa2200181 4500
003 01
005 20251027202638.0
008 0714s1973 ag 01
040 _aAR-BaBN
_bspa
_cAR-BaBN
_eaacr
_dRIC
082 _a372.4000 J32
100 _aJáuregui, Juan Francisco
_925275
245 _aSemillitas
250 _a1 ed.
260 _aBuenos Aires :
_bEditorial Kapelusz,
_cn.f.
300 _a181 p
650 _acuentos para niños
_94918
942 _cBK
999 _c21631
_d21631